| 000 | 00551nam a2200217Ia 4500 | ||
|---|---|---|---|
| 003 | OSt | ||
| 005 | 20220928151655.0 | ||
| 006 | a|||||r|||| 00| 0 | ||
| 007 | ta | ||
| 008 | 220927b |||||||| |||| 00| 0 eng d | ||
| 024 | _a130580 | ||
| 037 | _cTextual | ||
| 040 |
_aSDCL _cSDCL _beng |
||
| 041 |
_2eng _aeng |
||
| 082 | _aO-,1K21:g, M4 | ||
| 100 |
_aLong Michael _9493151 |
||
| 245 | 0 |
_aMaevell, Nabokov _b Childhood and Arcadia |
|
| 260 | _c1984 | ||
| 942 |
_hO-,1K21:g, M4 _cTEXL _2CC |
||
| 999 |
_c852712 _d852712 |
||